Riadiace počítače /
Enregistré dans:
| Auteurs principaux: | , |
|---|---|
| Format: | Livre |
| Langue: | slovaque |
| Publié: |
Bratislava :
SVŠT v Bratislave,
1977
|
| Édition: | 1.vyd. |
| Tags: |
Pas de tags, Soyez le premier à ajouter un tag!
|
MARC
| LEADER | 00000nam a22000003a 4500 | ||
|---|---|---|---|
| 001 | stu9694 | ||
| 005 | 20150617225804.2 | ||
| 008 | 970509s1977----cs------------------slo-d | ||
| 040 | |a STU |b slo | ||
| 041 | 0 | |a slo | |
| 044 | |a cs | ||
| 100 | 1 | |a Neuschl, Štefan |4 aut | |
| 245 | 1 | |a Riadiace počítače / |c [aut.] Neuschl,řtefan; řalamonová,Helena | |
| 250 | |a 1.vyd. | ||
| 260 | |a Bratislava : |b SVŠT v Bratislave, |c 1977 | ||
| 300 | |a 189 s | ||
| 700 | 1 | |a Šalamonová, Helena |4 aut | |
| 996 | |b E40082 |c E*40082 |l EE01 |s A |a 24 |w stu9694_0001 | ||